00606nam a2200157 i 450000100060000000300090000600500170001500700030003200800410003510000280007624501330010426000830023730000210032071000730034185200340041493717ES-MaACL20230906181312.0t|050418s1957 sp ||||1| spa d1 aLópez Bustos, Carlos.10aEinstein b: su vida, su obra y su carácter. (Discurso de apertura del curso académico 1957-1958) / cCarlos López Bustos. aCiudad Real : bInstituto de Enseñanza Media "Maestro Juan de Avila",c1957. a38 p. ; c22 cm.1 aInstituto de Enseñanza Media "Maestro Juan de Avila" (Ciudad Real) aES-MaACLj1931-F-21 bR.41165